000 00454nam a2200181Ia 4500
008 230711s9999||||xx |||||||||||||| ||und||
020 _a978-81-907333-04
041 _aENG
082 _a540
_bVE-E
100 _aVerma,Rakesh
245 2 _aA systematic approach to engineering Chemistry
250 _a4th Ed.
260 _c2012
_aNew Delhi
_bShree Publications
300 _a693
650 _aChemistry
700 _aThakur,Pankaj Vikas
942 _cBK
999 _c5616
_d5616